La Turquie Moderne (Record no. 11339)

MARC details
000 -BAŞLIK
Sabit Uzunlukta Kontrol Alanı 00964na a2200277 4500
001 - KONTROL NUMARASI
Denetim Alanı 22003
003 - KONTROL NUMARASI IDENTIFIER
Denetim Alanı MIRAKIL
005 - SON İŞLEM TARİHİ VE ZAMANI
Denetim Alanı 20181226092842.0
008 - SABİT-BOY VERİ ELEMANLARI - GENEL BİLGİLER
Sabit Uzunlukta Kontrol Alanı 170209b tu n0 0 0
035 ## - SİSTEM KONTROL NUMARASI
Sistem Kontrol Numarası 22003
040 ## - KATALOGLAMA KAYNAK
Orijinal Kataloglama Ajansı Milas
Kataloglama Dili tur
Metne Dönüştürmek Ajansı TR-AnCHP
041 ## - DİL KODU
Metin / Ses Parça Veya Ayrı Başlığın Dil Kodu tur
090 ## - SINIFLAMA NUMARASI
Sınıflama Numarası ATA 050 DER 63
245 ## - BAŞLIK TABLOSU
Başlık La Turquie Moderne
Sorumluluk Tablosu, Vb [yayınlayan] Yusuf Ziya Mardan
260 ## - YAYIN, DAĞITIM, VB
Yayın, Dağıtım, Vb Yeri İstanbul
Yayın, Dağıtım, Vb Tarihi 1935-1967
300 ## - FİZİKSEL TANIM
Kapsam c.
Diğer Fiziksel Ayrıntıları rnk. res.
Boyutlar 30 sm.
500 ## - GENEL NOT
Genel Not Mevcut sayılar: (25) 1 Ocak 1949; (27) 1 Mart 1949; (29) 1 Mayıs 1949; (30) 1 Haziran 1949; (31) 15 Haziran 1949; (50) 1 Ocak 1951; Aralık 1953; (90) Mayıs 1954; (120) Kasım 1956
650 ## - KONU KATMA GİRİŞ - TOPİKAL DÖNEM
Topikal Süreli Veya Coğrafi Ad Giriş Elemanı Tarih
Genel Alt Bölümü 20. yüzyıl
Kronolojik Alt Bölümü Süreli yayınlar
Coğrafi Alt Bölümü Türkiye
650 ## - KONU KATMA GİRİŞ - TOPİKAL DÖNEM
Topikal Süreli Veya Coğrafi Ad Giriş Elemanı Atatürkçülük
Form Alt Bölümü Süreli yayınlar
Coğrafi Alt Bölümü Türkiye
651 ## - KONU KATMA GİRİŞ - COĞRAFİ ADI
Coğrafi İsim Türkiye
Genel Alt Bölümü Siyaset ve yönetim
Kronolojik Alt Bölümü 20. yüzyıl
-- 20. yüzyıl
700 ## - KATMA GİRİŞ - KİŞİSEL İSİM
Kişisel Ad Mardan, Yusuf Ziya
910 ## - KULLANICI SEÇENEK, VERİLERİN (OCLC)
Kullanıcı Seçenek Veri ATA DERGİ 63
942 ## - EKLENDİ GİRİŞ ELEMANLARI (KOHA)
Sınıflandırma Veya Raf Düzeni Kaynak Dewey Decimal Classification
Koha Öğesi Türü Serials
999 ## - SİSTEM KONTROL NUMARALARI (KOHA)
Koha Biblionumber 11339
Koha Biblioitemnumber 11339
310 ## - MEVCUT YAYIN FREKANSI
Güncel Yayın Frekansı Aylık
655 ## - INDEX DÖNEM - TÜR / FORMU
-- Dergi
Holdings
Kullanım Kısıtlamaları Kalıcı Konum Mevcut Konum Edinme Tarihi Kodlu Konum Eleme Toplam Check-Out'Lar Tam Çağrı Numarası Barkod Tarih Son Görülme İtibaren Geçerli Fiyatlar Sigara Kamu Notu Koha Öğesi Türü
Kütüphane dışına çıkarılamaz CHP Kütüphanesi CHP Kütüphanesi 02/09/2017 ATA-SÜRELİ YAYINLAR   050 DER 127 D063 02/09/2017 02/09/2017 Serials